|
|
|
|
| LEADER |
00952nam a2200253 a 4500 |
| 001 |
11883139 |
| 008 |
091112s2000 enka b 001 0 eng d |
| 010 |
|
|
|a 00020316
|
| 020 |
|
|
|a 185788258X
|
| 040 |
|
|
|a DLC
|c DLC
|d DLC
|
| 082 |
0 |
0 |
|a 338/.064
|2 21
|
| 100 |
1 |
|
|a Bloor, Robin.
|
| 245 |
1 |
4 |
|a The electronic b@zaar :
|b from the silk road to the eroad /
|c Robin Bloor.
|
| 246 |
3 |
|
|a Electronic bazaar
|
| 260 |
|
|
|a London ; Naperville, IL, USA :
|b Nicholas Brealey Pub.,
|c 2000.
|
| 300 |
|
|
|a xii, 326 p. :
|b ill. ;
|c 24 cm.
|
| 504 |
|
|
|a Includes bibliographical references (p. [320]) and index.
|
| 541 |
1 |
|
|e 00013348
|
| 650 |
|
0 |
|a Electronic commerce.
|
| 650 |
|
0 |
|a Business enterprises
|x Computer networks.
|
| 650 |
|
0 |
|a Internet.
|
| 852 |
4 |
|
|a Ayesha Abed Library
|j General Shelf
|
| 999 |
|
|
|c 8071
|d 8071
|
| 952 |
|
|
|0 0
|1 0
|2 ddc
|4 0
|6 338_064000000000000_BLO
|7 0
|9 9179
|a BRACUL
|b BRACUL
|c GEN
|d 2010-04-12
|g 707.00
|l 0
|o 338.064 BLO
|p 3010013348
|r 2010-04-12
|t 1
|w 2010-04-12
|y BK
|